[Event "Santa Maria 1st"]
[Site "Santa Maria de Jetiba"]
[Date "2020.03.14"]
[Round "2"]
[White "Santos, Leonardo Bortolotti"]
[Black "Rodrigues, Vinicius Descovi"]
[Result "1-0"]
[WhiteElo "1800"]
[BlackElo "1800"]
[PlyCount "43"]
[EventDate "2020.03.14"]
[EventType "tourn"]
[EventRounds "11"]
[EventCountry "BRA"]
[SourceTitle "CBM 195 Extra"]
[Source "ChessBase"]
[SourceDate "2020.05.31"]
[SourceVersion "1"]
[SourceVersionDate "2020.05.31"]
[SourceQuality "1"]

1. e4 e5 2. Nf3 Nf6 3. Nc3 Nc6 4. d4 exd4 5. Nd5 Nxd5 6. exd5 Bb4+ 7. Bd2 Qe7+ 8. Be2 Ne5 9. 0-0 Bxd2 10. Qxd2 0-0 11. Qxd4 d6 12. Rfe1 Qf6 13. Rad1 Re8 14. Nxe5 Qxe5 15. Qc4 Re7 16. f4 Qxb2 17. Bd3 Qf6 18. Qxc7 Be6 19. Qxd6 Qd4+ 20. Kh1 Rd7 21. Qxd7 Qxd3 22. dxe6 1-0

[Event "Santa Maria SMXC Cup-A 6th"]
[Site "Santa Maria de Jetiba"]
[Date "2019.12.21"]
[Round "2"]
[White "Domingues, Michel Da Cruz"]
[Black "Rodrigues, Vinicius Descovi"]
[Result "1/2-1/2"]
[WhiteElo "1809"]
[BlackElo "1795"]
[PlyCount "50"]
[EventDate "2019.12.21"]
[EventType "tourn"]
[EventRounds "14"]
[EventCountry "BRA"]
[SourceTitle "EXT 2022"]
[Source "ChessBase"]
[SourceDate "2021.10.06"]
[SourceVersion "1"]
[SourceVersionDate "2021.10.06"]
[SourceQuality "1"]

1. f4 Nc6 2. Nf3 d6 3. e3 Nf6 4. b3 g6 5. Bb2 Bg7 6. Be2 0-0 7. 0-0 e6 8. c3 b6 9. Qc2 Bb7 10. Re1 Nd5 11. Bc4 Nce7 12. a3 Qd7 13. d4 f5 14. Qe2 h6 15. Nbd2 Nf6 16. Rac1 Rae8 17. Nh4 Kh7 18. Bb5 c6 19. Bd3 c5 20. Bb5 Bc6 21. Bd3 Qb7 22. Ba6 Qd7 23. Bd3 Qb7 24. Nc4 Qc7 25. Nd2 Qb7 1/2-1/2